Statistics for RuPauls Drag Race Winners by Picture

Click here to take the quiz!

General Stats

  • This quiz has been taken 856 times
  • The average score is 10 of 11

Answer Stats

Answer% Correct
Bianca Del Rio
98%
Bob the Drag Queen
98%
Sharon Needles
98%
Raja
95%
Sasha Velour
95%
Violet Chachki
94%
Yvie Oddly
92%
Jinkx Monsoon
91%
Aquaria
85%
Bebe Zahara Benet
85%
Tyra Sanchez
85%

Score Distribution

Percentile by Number Answered

Percent of People with Each Score

Your Score History

You have not taken this quiz